All Serbian Premier League Players Ever - Statistics

General Stats
  • This quiz has been taken 32 times
    3 since last reset
  • The average score is 16 of 34
Answer Stats
Position Clubs Years Player % Correct
DEF Man City 2010-17 Aleksandar Kolarov
100%
ATT Newcastle, Fulham 2015-16, 2017-19, 2020-21, 2022-24 Aleksandar Mitrovic
100%
DEF Chelsea, West Brom 2008-17, 2020-21 Branislav Ivanovic
100%
GK Chelsea, Bournemouth 2023-24, 2025-present Djordje Petrovic
100%
MID Southampton 2014-18 Dusan Tadic
100%
MID Chelsea, Man United 2009-10, 2013-22 Nemanja Matic
100%
DEF Manchester United 2005-14 Nemanja Vidic
100%
DEF Forest 2024-present Nikola Milenkovic
100%
MID Blackburn 2011-12 Radosav Petrovic
100%
MID Fulham 2022-present Sasa Lukic
100%
ATT Sheff Wed 1995-96 Darko Kovacevic
50%
DEF Sheff Wed, Portsmouth, Fulham 1995-99, 2003-08 Dejan Stefanovic
50%
DEF Aston Villa 2024-25 Kosta Nedeljkovic
50%
MID/ATT Liverpool, Hull, Fulham 2014-15, 2016-17, 2018-19 Lazar Markovic
50%
MID Crystal Palace 2016-23 Luka Milivojevic
50%
ATT Chelsea 2004-05 Mateja Kezman
50%
DEF Man City 2014-15 Matija Nastasic
50%
DEF Spurs 2013-14 Milos Veljkovic
50%
GK Charlton, West Ham 1998-2001 Sasa Ilic
50%
MID Chelsea 2000-02 Slavisa Jokanovic
50%
MID Portsmouth 2005-06 Zvonimir Vukic
50%
MID Southampton 2014-15 Filip Djuricic
0%
DEF Spurs 2001-05 Goran Bunjevcevic
0%
MID Barnsley 1997-98 Jovo Bosancic
0%
MID Liverpool 2016-18 Marko Grujic
0%
ATT Liverpool 2010-11 Milan Jovanovic
0%
MID Wolves 2009-12 Nenad Milijas
0%
ATT Birmingham 2010-11 Nikola Zigic
0%
MID Portsmouth 2005-07 Ognjen Koroman
0%
MID Bolton, Aston Villa, Crystal Palace 1995-98 Sasa Curcic
0%
ATT Aston Villa 1995-98 Savo Milosevic
0%
DEF Bournemouth 2025-present Veljko Milosavljevic
0%
GK Wigan 2009-10 Vladimir Stojkovic
0%
MID/ATT Manchester United 2008-09 Zoran Tosic
0%
No matching quizzes found
Score Distribution
Percent of People with Each Score
Percentile by Number Answered
Your Score History
You have not taken this quiz since the last reset